00327nam a22001217a 4500020001800000040000900018082002000027100002000047245005400067250001600121260004400137650002400181 a9789332545496 cNUST a621.381521bFCO aFloyd Thomas L. aElectronic Devices bConventional Current Version a9th Edition aDehli:c2015.bPearson India Education, aElectronic Devices